00920nam a2200289Ia 450000500170000000800270001702000180004410000280006224501090009025000170019930000260021653400210024265000290026365000250029265000270031765000290034465000260037370000370039994200150043626400290045133600270048033700330050733800280054004000350056808400120060399900150061520220317000412.0141031s9999 ck 000 0 spa d a97860746333991 aHartnett, Sonya,d1968-10aTúneles cSonya Hartnett ; ilustraciones de Jolanta Klyszcz ; traducción de Juan Elías Tovar Cross a1a edición a238 páginasc23 cm. tThursday's child142LEMBaNovela australiana142LEMBaFamilavNovela142LEMBaHerenciavNovela142LEMBaTestamentovNovela142LEMBaQuiebravNovela1 aTovar Cross, Juan Elías914810 2loccBKLIT aMéxicobCastilloc2011 atextobtxt2rdacontent asin mediaciónbn2rdamedia avolumenbnc2rdacarrier aCO-BoRNBPbspaerdacCO-BoRNBP aN HAR12 c3939d3939